000 00191nam a2200085Ia 4500
008 120527s9999 xx 000 0 und d
100 _aAbel & Bernanke
245 _aMacro Economics
942 _cBK
999 _c27243
_d27243